Pequeño diccionario de la lengua española.
Guardado en:
| Formato: | Libro |
|---|---|
| Publicado: |
Buenos Aires :
Kapelusz,
2006.
|
| Edición: | 1a. ed. |
| Materias: | |
| Etiquetas: |
Agregar Etiqueta
Sin Etiquetas, Sea el primero en etiquetar este registro!
|
| LEADER | 00455nam a22001575a 4500 | ||
|---|---|---|---|
| 001 | CEM.cems024541 | ||
| 008 | 250403s2006####ag############000#0#####d | ||
| 005 | 20250403151219.0 | ||
| 245 | 0 | 0 | |a Pequeño diccionario de la lengua española. |
| 250 | |a 1a. ed. | ||
| 260 | |a Buenos Aires : |b Kapelusz, |c 2006. | ||
| 300 | |a 608 p. | ||
| 020 | |a 9789501395228 | ||
| 082 | 0 | 4 | |a 463 |
| 653 | |a Español-diccionarios | ||
| 859 | |a CEMS |b BIB. CEMS - 11 de abril |h 463 |i D547-9 |p 29814.25 |t Ej.1 | ||
